000 00312nam a2200133Ia 4500
005 20260328104331.0
008 260328s9999||||xx |||||||||||||| ||und||
100 _aSchmidt, Udo
245 0 _aBuilding Kitchen Cabinets /
_cUdo Schmidt
260 _bTaunton
300 _a169 p.
650 _aMADERA
942 _cBK
999 _c11710
_d11710